<?xml version="1.0" encoding="UTF-8"?>
<record
    xmlns:xsi="http://www.w3.org/2001/XMLSchema-instance"
    xsi:schemaLocation="http://www.loc.gov/MARC21/slim http://www.loc.gov/standards/marcxml/schema/MARC21slim.xsd"
    xmlns="http://www.loc.gov/MARC21/slim">

  <leader>01699nam a2200361 a 4500</leader>
  <controlfield tag="001">81559</controlfield>
  <controlfield tag="003">BD-RjUL</controlfield>
  <controlfield tag="005">20230711130305.0</controlfield>
  <controlfield tag="008">230711e2019    bg a          000 0 eng  </controlfield>
  <datafield tag="020" ind1=" " ind2=" ">
    <subfield code="a">9789843462206</subfield>
  </datafield>
  <datafield tag="020" ind1=" " ind2=" ">
    <subfield code="a">9843462203 </subfield>
  </datafield>
  <datafield tag="035" ind1=" " ind2=" ">
    <subfield code="a">(BD-RjUL)81559</subfield>
  </datafield>
  <datafield tag="040" ind1=" " ind2=" ">
    <subfield code="a">DLC</subfield>
    <subfield code="b">eng</subfield>
    <subfield code="e">rda</subfield>
    <subfield code="c">DLC</subfield>
    <subfield code="d">DLC</subfield>
    <subfield code="d">BD-RjUL</subfield>
  </datafield>
  <datafield tag="041" ind1="0" ind2=" ">
    <subfield code="a">eng</subfield>
    <subfield code="a">ben</subfield>
  </datafield>
  <datafield tag="042" ind1=" " ind2=" ">
    <subfield code="a">lcode</subfield>
    <subfield code="a">pcc</subfield>
  </datafield>
  <datafield tag="082" ind1=" " ind2=" ">
    <subfield code="2">23</subfield>
    <subfield code="a">333.72095492</subfield>
    <subfield code="b">BAP 2019</subfield>
  </datafield>
  <datafield tag="100" ind1="1" ind2=" ">
    <subfield code="a">&#x9AC;&#x9BE;&#x9AC;&#x9C1;, &#x9AE;&#x9C1;&#x995;&#x9BF;&#x9A4; &#x9AE;&#x99C;&#x9C1;&#x9AE;&#x9A6;&#x9BE;&#x9B0; </subfield>
    <subfield code="e">author.</subfield>
    <subfield code="9">7577</subfield>
  </datafield>
  <datafield tag="245" ind1="1" ind2="0">
    <subfield code="a">&#x9AC;&#x9BE;&#x982;&#x9B2;&#x9BE;&#x9A6;&#x9C7;&#x9B6;&#x9C7;&#x9B0; &#x9B0;&#x995;&#x9CD;&#x9B7;&#x9BF;&#x9A4; &#x985;&#x99E;&#x9CD;&#x99A;&#x9B2; = Protected areas of Bangladesh /</subfield>
    <subfield code="c">&#x9AE;&#x9C1;&#x995;&#x9BF;&#x9A4; &#x9AE;&#x99C;&#x9C1;&#x9AE;&#x9A6;&#x9BE;&#x9B0; &#x9AC;&#x9BE;&#x9AC;&#x9C1;, &#x9B6;&#x9BE;&#x9AE;&#x9C0;&#x9AE; &#x986;&#x9B9;&#x9AE;&#x9C7;&#x9A6;, &#x9B9;&#x9C1;&#x9AE;&#x9BE;&#x9AF;&#x9BC;&#x9C2;&#x9A8; &#x995;&#x9AC;&#x9C0;&#x9B0; ; &#x985;&#x9A8;&#x9C1;&#x9AC;&#x9BE;&#x9A6; &#x98F; &#x98F;&#x9AE; &#x98F;&#x9AE; &#x996;&#x9BE;&#x9AF;&#x9BC;&#x9B0;&#x9C1;&#x9B2; &#x986;&#x9A8;&#x9BE;&#x9AE; = Muqeed Majumdar Babu, Shamim Ahmed, Humayun Kabir ; translation A M M Khairul Anam.</subfield>
  </datafield>
  <datafield tag="260" ind1=" " ind2=" ">
    <subfield code="a">&#x9A2;&#x9BE;&#x995;&#x9BE; :</subfield>
    <subfield code="b">&#x9AA;&#x9CD;&#x9B0;&#x995;&#x9C3;&#x9A4;&#x9BF; &#x993; &#x99C;&#x9C0;&#x9AC;&#x9A8; &#x9AB;&#x9BE;&#x989;&#x9A8;&#x9CD;&#x9A1;&#x9C7;&#x9B6;&#x9A8;,</subfield>
    <subfield code="c">&#x9E8;&#x9E6;&#x9E7;&#x9EF;</subfield>
  </datafield>
  <datafield tag="300" ind1=" " ind2=" ">
    <subfield code="a">121 &#x9AA;&#x9C3;&#x9B7;&#x9CD;&#x9A0;&#x9BE;:</subfield>
    <subfield code="b">&#x99A;&#x9BF;&#x9A4;&#x9CD;&#x9B0;&#x9B8;&#x9AE;&#x9C2;&#x9B9;;</subfield>
    <subfield code="c">&#x9E8;&#x9EA; &#x9B8;&#x9C7;&#x9AE;&#x9BF;</subfield>
  </datafield>
  <datafield tag="336" ind1=" " ind2=" ">
    <subfield code="a">text</subfield>
    <subfield code="b">txt</subfield>
    <subfield code="2">rdacontent</subfield>
  </datafield>
  <datafield tag="336" ind1=" " ind2=" ">
    <subfield code="a">still image</subfield>
    <subfield code="b">sti</subfield>
    <subfield code="2">rdacontent</subfield>
  </datafield>
  <datafield tag="337" ind1=" " ind2=" ">
    <subfield code="a">unmediated</subfield>
    <subfield code="b">n</subfield>
    <subfield code="2">rdamedia</subfield>
  </datafield>
  <datafield tag="338" ind1=" " ind2=" ">
    <subfield code="a">volume</subfield>
    <subfield code="b">nc</subfield>
    <subfield code="2">rdacarrier</subfield>
  </datafield>
  <datafield tag="650" ind1=" " ind2="0">
    <subfield code="a">Protected areas</subfield>
    <subfield code="z">Bangladesh.</subfield>
    <subfield code="9">7975</subfield>
  </datafield>
  <datafield tag="650" ind1=" " ind2="0">
    <subfield code="a">&#x9B8;&#x9C1;&#x9B0;&#x995;&#x9CD;&#x9B7;&#x9BF;&#x9A4; &#x98F;&#x9B2;&#x9BE;&#x995;&#x9BE;&#x9B8;&#x9AE;&#x9C2;&#x9B9;</subfield>
    <subfield code="z">&#x9AC;&#x9BE;&#x982;&#x9B2;&#x9BE;&#x9A6;&#x9C7;&#x9B6;</subfield>
    <subfield code="9">7976</subfield>
  </datafield>
  <datafield tag="700" ind1="1" ind2=" ">
    <subfield code="a">&#x986;&#x9B9;&#x9AE;&#x9C7;&#x9A6;, &#x9B6;&#x9BE;&#x9AE;&#x9C0;&#x9AE; </subfield>
    <subfield code="9">7977</subfield>
  </datafield>
  <datafield tag="700" ind1="1" ind2=" ">
    <subfield code="a">&#x995;&#x9AC;&#x9C0;&#x9B0;, &#x9B9;&#x9C1;&#x9AE;&#x9BE;&#x9AF;&#x9BC;&#x9C2;&#x9A8; </subfield>
    <subfield code="9">7978</subfield>
  </datafield>
  <datafield tag="700" ind1="1" ind2=" ">
    <subfield code="a">&#x986;&#x9A8;&#x9BE;&#x9AE;, &#x98F; &#x98F;&#x9AE; &#x98F;&#x9AE; &#x996;&#x9BE;&#x9AF;&#x9BC;&#x9B0;&#x9C1;&#x9B2; </subfield>
    <subfield code="9">7979</subfield>
  </datafield>
  <datafield tag="942" ind1=" " ind2=" ">
    <subfield code="2">ddc</subfield>
    <subfield code="c">BK</subfield>
  </datafield>
  <datafield tag="999" ind1=" " ind2=" ">
    <subfield code="c">81559</subfield>
    <subfield code="d">81559</subfield>
  </datafield>
  <datafield tag="952" ind1=" " ind2=" ">
    <subfield code="0">0</subfield>
    <subfield code="1">0</subfield>
    <subfield code="2">ddc</subfield>
    <subfield code="4">0</subfield>
    <subfield code="7">1</subfield>
    <subfield code="8">NFIC</subfield>
    <subfield code="a">RUCL</subfield>
    <subfield code="b">RUCL</subfield>
    <subfield code="c">Reading</subfield>
    <subfield code="d">2023-03-01</subfield>
    <subfield code="e">Author</subfield>
    <subfield code="g">400.00</subfield>
    <subfield code="l">0</subfield>
    <subfield code="o">B 333.72095492 BAP 2019</subfield>
    <subfield code="r">2023-07-11 00:00:00</subfield>
    <subfield code="t">C-1</subfield>
    <subfield code="w">2023-07-11</subfield>
    <subfield code="y">BK</subfield>
  </datafield>
  <datafield tag="952" ind1=" " ind2=" ">
    <subfield code="0">0</subfield>
    <subfield code="1">0</subfield>
    <subfield code="2">ddc</subfield>
    <subfield code="4">0</subfield>
    <subfield code="7">0</subfield>
    <subfield code="8">NFIC</subfield>
    <subfield code="a">RUCL</subfield>
    <subfield code="b">RUCL</subfield>
    <subfield code="c">GEN</subfield>
    <subfield code="d">2023-03-01</subfield>
    <subfield code="e">Author</subfield>
    <subfield code="g">400.00</subfield>
    <subfield code="l">0</subfield>
    <subfield code="o">B 333.72095492 BAP 2019</subfield>
    <subfield code="r">2023-07-11 00:00:00</subfield>
    <subfield code="t">C-2</subfield>
    <subfield code="w">2023-07-11</subfield>
    <subfield code="y">BK</subfield>
  </datafield>
</record>
